| 000 | 00473cam a2200181ua 4500 | ||
|---|---|---|---|
| 001 | 12135 | ||
| 008 | 200222n ii |||gr||||Z||||||eng | ||
| 020 | _a9788181522962 | ||
| 040 | _cMAIN | ||
| 082 | _a331.702 | ||
| 100 |
_aDeepak Agarwal, _eAuhtor. |
||
| 245 |
_aGuidance and counselling : _bCareer and planning / _cBy Deepak Agarwal . |
||
| 250 | _a1st ed. | ||
| 260 |
_aJaipur: _bBook enclave, _c2012. |
||
| 300 | _a304p. | ||
| 653 | _aLabor economics | ||
| 942 | _cBK | ||
| 999 |
_c10905 _d10905 |
||